| Tag |
First Indicator |
Second Indicator |
Subfields |
| LEADER |
00000cam a2200000 4500 |
| 001 |
in00000054961 |
| 005 |
20151008052134.0 |
| 008 |
750508s1942 nyu 00000 eng u |
| 010 |
|
|
|a 42016172
|
| 035 |
|
|
|a (OCoLC)01318356
|
| 035 |
|
|
|9 AAH1877AM
|
| 040 |
|
|
|c DZM
|d TXA
|d UtOrBLW
|
| 049 |
|
|
|a TXAM
|c [140851]
|
| 050 |
0 |
0 |
|a V210
|b .L6 1942
|
| 082 |
0 |
|
|a 359
|
| 092 |
|
|
|a 359
|b L912s, 1942
|
| 100 |
1 |
|
|a Low, A. M.
|q (Archibald Montgomery),
|d 1888-1956.
|
| 245 |
1 |
4 |
|a The submarine at war /
|c by Professor A. M. Low... with a foreword by Admiral William V. Pratt...
|
| 264 |
|
1 |
|a New York :
|b Sheridan house,
|c [1942]
|
| 300 |
|
|
|a 305 pages :
|b plates. ;
|c 22 cm.
|
| 336 |
|
|
|a text
|b txt
|2 rdacontent
|
| 337 |
|
|
|a unmediated
|b n
|2 rdamedia
|
| 338 |
|
|
|a volume
|b nc
|2 rdacarrier
|
| 650 |
|
0 |
|a Submarines (Ships)
|
| 650 |
|
0 |
|a Submarine warfare.
|
| 999 |
|
|
|a MARS
|
| 999 |
f |
f |
|s 8aad646b-fd9b-3399-871e-ed61b15c9f7b
|i a765816a-6ec2-3df1-9159-a77543d53b3e
|t 0
|
| 952 |
f |
f |
|p ric
|a Texas A&M University
|b Rellis Campus
|c Joint Library Facility
|d Remote Storage
|t 0
|e V210 .L6 1942
|h Library of Congress classification
|i unmediated -- volume
|m A14807259762
|
| 998 |
f |
f |
|a V210 .L6 1942
|t 0
|l Remote Storage
|